| 000 | 01472cam a2200337 a 4500 | ||
|---|---|---|---|
| 999 |
_c331908 _d331908 |
||
| 001 | 4450329 | ||
| 003 | NUST | ||
| 005 | 20180117104718.0 | ||
| 008 | 950203s1996 nyua b 001 0 eng | ||
| 010 | _a 95006113 | ||
| 020 | _a0471589276 (acidfree paper) | ||
| 040 |
_aDLC _cDLC _dDLC |
||
| 050 | 0 | 0 |
_aTD758.5.C65 _bE54 1996 |
| 082 | 0 | 0 |
_a628.3 ENV _220 |
| 245 | 0 | 0 |
_aEnvironmental chemistry of dyes and pigments / _cEdited by Abraham Reife, Harold S. Freeman. |
| 260 |
_aNew York : _bWiley, _cc1996. |
||
| 300 |
_axvi, 329 p. : _bill. ; _c24 cm. |
||
| 500 | _a"A Wiley-Interscience publication." | ||
| 501 | _aH.B | ||
| 504 | _aIncludes bibliographical references and index. | ||
| 650 | 0 |
_aSewage _xPurification _xColor removal. _95822 |
|
| 700 | 1 |
_aReife, Abe, _d1931- _95823 |
|
| 700 | 1 |
_aFreeman, H. S. _95824 |
|
| 856 | 4 | 2 |
_3Contributor biographical information _uhttp://www.loc.gov/catdir/bios/wiley042/95006113.html |
| 856 | 4 | 2 |
_3Publisher description _uhttp://www.loc.gov/catdir/description/wiley033/95006113.html |
| 856 | 4 |
_3Table of Contents _uhttp://www.loc.gov/catdir/toc/onix04/95006113.html |
|
| 906 |
_a7 _bcbc _corignew _d1 _eocip _f19 _gy-gencatlg |
||
| 942 |
_2ddc _cBK _kIESE |
||